[Event "Barcelona Sants op-B 23rd"]
[Site "Barcelona"]
[Date "2022.08.20"]
[Round "2"]
[White "Torres Maiquez, Sergio"]
[Black "Kim, Changhyung"]
[Result "1-0"]
[WhiteElo "1905"]
[BlackElo "1722"]
[PlyCount "121"]
[EventDate "2022.08.19"]
[EventType "swiss"]
[EventRounds "10"]
[EventCountry "ESP"]
[SourceTitle "EXT 2023"]
[Source "ChessBase"]
[SourceDate "2022.10.05"]
[SourceVersion "1"]
[SourceVersionDate "2022.10.05"]
[SourceQuality "1"]

1. e4 c5 2. Nf3 a6 3. c4 Nc6 4. Nc3 e5 5. d3 g6 6. g3 Bg7 7. Bg2 Nge7 8. 0-0 0-0 9. Be3 d6 10. Nh4 f5 11. exf5 Nxf5 12. Nxf5 Bxf5 13. Nd5 h6 14. Rb1 a5 15. a3 a4 16. Nc3 Qa5 17. Be4 Kh7 18. Nd5 Qd8 19. Nc3 Qa5 20. Nd5 Qd8 21. b4 axb3 22. Qxb3 Rf7 23. Qc3 Qa5 24. Qxa5 Rxa5 25. Rb3 h5 26. Rfb1 Ra7 27. Nb6 Be6 28. Kg2 Bh6 29. Bd5 Bxd5+ 30. cxd5 Ne7 31. Bxh6 Kxh6 32. Nc4 Nxd5 33. Nxd6 Rf6 34. Nxb7 Rc6 35. Rc1 g5 36. Rxc5 Rxc5 37. Nxc5 h4 38. a4 g4 39. Rb5 Nc3 40. Rb4 Kh5 41. gxh4 Ne2 42. Re4 Nf4+ 43. Kg3 Ng6 44. Rxg4 Rf7 45. a5 Rc7 46. Rc4 Nf4 47. Ne4 Rg7+ 48. Kf3 Nxd3 49. Ke3 Nf4 50. Nf6+ Kg6 51. Rc6 Kf5 52. a6 Rg1 53. h5 Ra1 54. h6 Ra2 55. h7 Re2+ 56. Kf3 Ra2 57. Rc3 Ng6 58. Rc6 Nf4 59. Nd5 Nxd5 60. h8Q Ra3+ 61. Ke2 1-0